[Event "Malopolska-ch"]
[Site "Krakow"]
[Date "2023.06.11"]
[Round "7"]
[White "Syrkiewicz, Michal"]
[Black "Orzechowski, Jacek"]
[Result "0-1"]
[WhiteElo "1945"]
[BlackElo "2139"]
[PlyCount "116"]
[EventDate "2023.06.08"]
[EventType "swiss"]
[EventRounds "7"]
[EventCountry "POL"]
[SourceTitle "CBM 214 Extra"]
[Source "ChessBase"]
[SourceDate "2023.07.31"]
[SourceVersion "1"]
[SourceVersionDate "2023.07.31"]
[SourceQuality "1"]

1. e4 e6 2. d4 d5 3. Nc3 Bb4 4. e5 Ne7 5. h4 c5 6. a3 Ba5 7. b4 cxd4 8. Nb5 Bc7 9. f4 Nf5 10. Bd3 Bd7 11. Nf3 Bxb5 12. Bxb5+ Nc6 13. Nxd4 Nfxd4 14. Qxd4 0-0 15. Bxc6 bxc6 16. Qc3 c5 17. Qg3 f6 18. Bb2 fxe5 19. Bxe5 Bxe5 20. fxe5 cxb4 21. axb4 Qb6 22. c3 a5 23. bxa5 Qb2 24. Rd1 Qc2 25. Qe3 Rxa5 26. Qd2 Qf5 27. Qe2 Ra4 28. Rf1 Qxf1+ 29. Qxf1 Rxf1+ 30. Kxf1 Rxh4 31. Kf2 Re4 32. Ra1 Rxe5 33. Ra7 Re4 34. Rc7 h6 35. Kf3 Kh7 36. Rc6 Kg6 37. c4 Rxc4 38. Rxe6+ Kf5 39. Re7 Rc3+ 40. Kf2 Kf6 41. Rd7 Rd3 42. Ke2 Rg3 43. Kf2 Rg5 44. Kf3 Ke5 45. Ra7 h5 46. g3 g6 47. Ra6 Rf5+ 48. Ke3 Rf6 49. Ra4 Rb6 50. Ra5 Rb3+ 51. Kf2 Rb4 52. Ke3 g5 53. Ra8 Rb3+ 54. Kf2 Rb2+ 55. Ke3 d4+ 56. Kd3 Rb3+ 57. Kc4 Rc3+ 58. Kb4 Rxg3 0-1

[Event "Malopolska-ch"]
[Site "Krakow"]
[Date "2023.06.09"]
[Round "3"]
[White "Bus, Konrad"]
[Black "Syrkiewicz, Michal"]
[Result "1-0"]
[WhiteElo "2256"]
[BlackElo "1945"]
[PlyCount "67"]
[EventDate "2023.06.08"]
[EventType "swiss"]
[EventRounds "7"]
[EventCountry "POL"]
[SourceTitle "CBM 214 Extra"]
[Source "ChessBase"]
[SourceDate "2023.07.31"]
[SourceVersion "1"]
[SourceVersionDate "2023.07.31"]
[SourceQuality "1"]

1. d4 Nf6 2. Nf3 e6 3. g3 d5 4. Bg2 Be7 5. c4 0-0 6. Nc3 c6 7. 0-0 Nbd7 8. b3 b6 9. Qc2 Bb7 10. Rd1 a5 11. e4 dxe4 12. Nxe4 c5 13. Nxf6+ Bxf6 14. Ng5 Bxg5 15. Bxb7 Ra7 16. dxc5 Bf6 17. c6 Rxb7 18. cxb7 Qc7 19. Bf4 Qxb7 20. Rac1 Rc8 21. Bd6 h6 22. Rd3 Nc5 23. Bxc5 bxc5 24. Rcd1 Bd4 25. Rxd4 cxd4 26. Rxd4 Qb4 27. Qd2 Qb6 28. Rd6 Qc7 29. Rd7 Qb6 30. Qf4 f6 31. Qg4 g5 32. Qh5 Rd8 33. Qf7+ Kh8 34. Qg7# 1-0

[Event "Malopolska-ch"]
[Site "Krakow"]
[Date "2023.06.08"]
[Round "1"]
[White "Sliwicki, Damian"]
[Black "Syrkiewicz, Michal"]
[Result "1/2-1/2"]
[WhiteElo "2158"]
[BlackElo "1945"]
[PlyCount "106"]
[EventDate "2023.06.08"]
[EventType "swiss"]
[EventRounds "7"]
[EventCountry "POL"]
[SourceTitle "CBM 214 Extra"]
[Source "ChessBase"]
[SourceDate "2023.07.31"]
[SourceVersion "1"]
[SourceVersionDate "2023.07.31"]
[SourceQuality "1"]

1. e4 c5 2. Nf3 e6 3. d4 cxd4 4. Nxd4 a6 5. Nc3 b5 6. g3 Bb7 7. Bg2 b4 8. Nb1 Nf6 9. Bg5 Be7 10. Nd2 Nc6 11. Nxc6 Bxc6 12. 0-0 d5 13. e5 Nd7 14. Bxe7 Qxe7 15. f4 Bb5 16. Rf2 Nb6 17. Nf3 0-0 18. Nd4 Rfc8 19. b3 Ra7 20. Qg4 Bd7 21. Re1 Qc5 22. Qd1 Na8 23. g4 Nc7 24. Bf1 Bb5 25. f5 Bxf1 26. Rexf1 Nb5 27. Nxb5 axb5 28. Qf3 Qd4 29. fxe6 fxe6 30. g5 Rac7 31. Kg2 Qe4 32. Qxe4 dxe4 33. Re1 Rxc2 34. Rxe4 Rxf2+ 35. Kxf2 Rc2+ 36. Kg3 Rxa2 37. Rxb4 Ra5 38. Kg4 Kf7 39. Rd4 Ke7 40. g6 hxg6 41. Kg5 Ra2 42. Rb4 Rg2+ 43. Kf4 g5+ 44. Kf3 Rxh2 45. Rxb5 Kd7 46. Rb6 Rh4 47. b4 Rf4+ 48. Ke3 Rf5 49. Kd4 g4 50. Rb7+ Kc6 51. Rxg7 Rf4+ 52. Kc3 Rf3+ 53. Kc4 Rf4+ 1/2-1/2

[Event "POL-ch U18"]
[Site "Jastrzebia Gora"]
[Date "2023.??.??"]
[Round "5"]
[White "Krasniewski, Szymon"]
[Black "Syrkiewicz, Michal"]
[Result "1-0"]
[WhiteElo "1771"]
[BlackElo "2000"]
[PlyCount "119"]
[EventDate "2023.03.11"]
[EventType "swiss"]
[EventRounds "9"]
[EventCountry "POL"]
[SourceTitle "CBM 213 Extra"]
[Source "ChessBase"]
[SourceDate "2023.05.31"]
[SourceVersion "1"]
[SourceVersionDate "2023.05.31"]
[SourceQuality "1"]

1. d4 f5 2. c4 d6 3. Nf3 Nf6 4. Nc3 g6 5. g3 Bg7 6. Bg2 0-0 7. 0-0 Qe8 8. Re1 Qf7 9. Qd3 h6 10. b3 Nc6 11. Ba3 Rd8 12. Rad1 Bd7 13. d5 Ne5 14. Qc2 g5 15. Nd4 Qg6 16. e3 g4 17. Nce2 Rdc8 18. Nf4 Qg5 19. Nfe6 Bxe6 20. dxe6 Ne4 21. Nxf5 Qxf5 22. Qxe4 Qxe4 23. Bxe4 Nf3+ 24. Bxf3 gxf3 25. e4 Rf8 26. Rd3 Rf6 27. Bb2 Rxe6 28. Bxg7 Kxg7 29. Rxf3 c6 30. Rfe3 Rb8 31. Rc1 c5 32. f4 b5 33. Kf2 Rb6 34. cxb5 Rxb5 35. Rc4 Ra5 36. Rc2 Kf7 37. Kf3 Rg6 38. g4 Rg8 39. h4 Rh8 40. Rd3 Ra6 41. Kg3 Kf6 42. Rcd2 Rc6 43. Rc2 Ra6 44. Rd5 Rb8 45. g5+ hxg5 46. hxg5+ Kg6 47. Kg4 Rh8 48. Rdd2 Rh1 49. Rh2 Rg1+ 50. Rcg2 Ra1 51. Rh6+ Kg7 52. Rhh2 Kg6 53. f5+ Kg7 54. g6 Kf6 55. Kh5 Kg7 56. Kg5 d5 57. e5 c4 58. f6+ exf6+ 59. exf6+ Kg8 60. f7+ 1-0

[Event "POL-ch U18"]
[Site "Jastrzebia Gora"]
[Date "2023.??.??"]
[Round "4"]
[White "Syrkiewicz, Michal"]
[Black "Kacprzak, Karol"]
[Result "0-1"]
[WhiteElo "2000"]
[BlackElo "2221"]
[PlyCount "140"]
[EventDate "2023.03.11"]
[EventType "swiss"]
[EventRounds "9"]
[EventCountry "POL"]
[SourceTitle "CBM 213 Extra"]
[Source "ChessBase"]
[SourceDate "2023.05.31"]
[SourceVersion "1"]
[SourceVersionDate "2023.05.31"]
[SourceQuality "1"]

1. e4 c5 2. Nf3 d6 3. d4 cxd4 4. Nxd4 Nf6 5. Nc3 a6 6. Be3 e6 7. Be2 Be7 8. f4 Qc7 9. g4 b5 10. g5 Nfd7 11. f5 Ne5 12. a3 Nbc6 13. Rf1 Bd7 14. Nxc6 Bxc6 15. Qd4 Qb7 16. 0-0-0 a5 17. f6 gxf6 18. gxf6 Bf8 19. Qb6 Qxb6 20. Bxb6 b4 21. axb4 axb4 22. Nb5 Rb8 23. Nc7+ Kd7 24. Ba5 Bxe4 25. Na6 Rc8 26. Nxb4 Nc4 27. Bxc4 Rxc4 28. Nd3 Bh6+ 29. Kb1 Rd4 30. Bd2 Bxd2 31. Rxd2 Bxd3 32. Rxd3 Rxd3 33. cxd3 Rg8 34. Rf4 Rg6 35. d4 Rh6 36. Rf2 Rh4 37. Rg2 Rf4 38. Rg7 Rxf6 39. Rxh7 Kc6 40. Kc2 Kd5 41. Kd3 Rf3+ 42. Ke2 Rf4 43. Ke3 Re4+ 44. Kf3 f5 45. h4 Rxd4 46. h5 Rb4 47. h6 Rxb2 48. Kg3 Rb1 49. Kg2 Rb4 50. Kg3 Rg4+ 51. Kh3 Rg1 52. Kh4 f4 53. Ra7 e5 54. h7 f3 55. h8Q Rh1+ 56. Kg3 Rxh8 57. Kxf3 Rh3+ 58. Ke2 e4 59. Ra8 Kd4 60. Ra4+ Ke5 61. Ra8 d5 62. Rb8 Rh2+ 63. Kd1 d4 64. Re8+ Kf4 65. Rf8+ Ke3 66. Rg8 Rh1+ 67. Kc2 d3+ 68. Kc3 Rc1+ 69. Kb2 d2 70. Rg3+ Kf4 0-1

[Event "POL-chT 1st League"]
[Site "Sypniewo"]
[Date "2022.09.08"]
[Round "6.5"]
[White "Padalka, Artem"]
[Black "Syrkiewicz, Michal"]
[Result "0-1"]
[WhiteElo "2184"]
[BlackElo "2171"]
[PlyCount "141"]
[EventDate "2022.09.03"]
[EventType "team-swiss"]
[EventRounds "9"]
[EventCountry "POL"]
[SourceTitle "CBM 210 Extra"]
[Source "ChessBase"]
[SourceDate "2022.11.30"]
[SourceVersion "1"]
[SourceVersionDate "2022.11.30"]
[SourceQuality "1"]
[WhiteTeam "Chylice Laura"]
[BlackTeam "Gostynin Gostmat 83"]
[WhiteTeamCountry "POL"]
[BlackTeamCountry "POL"]

1. d4 Nf6 2. Nf3 e6 3. g3 b6 4. Bg2 Bb7 5. 0-0 Be7 6. c4 0-0 7. Nc3 d6 8. d5 e5 9. e4 a5 10. Ne1 Na6 11. f4 Nd7 12. Nf3 Bf6 13. f5 Nac5 14. Rf2 Be7 15. Bf1 Nf6 16. Qe1 h6 17. Rg2 Nh7 18. h4 Ba6 19. g4 g5 20. b3 Kg7 21. Qe3 Rh8 22. Bd2 Bf6 23. Rh2 Qe7 24. Kf2 Rag8 25. Be2 Kf8 26. h5 Kg7 27. Rhh1 Ra8 28. Rhb1 Bc8 29. Bd1 Bd7 30. a3 Ra7 31. b4 Nb7 32. Ba4 axb4 33. Rxb4 Nc5 34. Bc6 Ra5 35. Rb2 Bxc6 36. dxc6 Qe8 37. Nd5 Ra7 38. Nb4 Na6 39. Rba2 Nxb4 40. axb4 Rxa2 41. Rxa2 Qxc6 42. Qd3 Ra8 43. Rxa8 Qxa8 44. Ne1 Be7 45. Nc2 Nf6 46. Kf3 c6 47. Ne3 Qa1 48. Kg2 Qd4 49. Qxd4 exd4 50. Nc2 Nxe4 51. Bc1 c5 52. Kf3 Nf6 53. Bd2 Nd7 54. Ke4 Kf6 55. Kd5 Ne5 56. b5 Nxg4 57. Kc6 Ne5+ 58. Kxb6 Bd8+ 59. Kb7 Nxc4 60. Be1 d3 61. Bc3+ Kxf5 62. Ne3+ Nxe3 63. Kc8 Bb6 64. Kb7 Nc4 65. Kc6 Ke4 66. Be1 g4 67. Bd2 Nxd2 68. Kxb6 Nc4+ 69. Kc6 d2 70. b6 Nxb6 71. Kxb6 0-1

[Event "POL-chT 1st League"]
[Site "Sypniewo"]
[Date "2022.09.03"]
[Round "1.2"]
[White "Syrkiewicz, Michal"]
[Black "Olsen, Filip Boe"]
[Result "0-1"]
[WhiteElo "2171"]
[BlackElo "2446"]
[PlyCount "78"]
[EventDate "2022.09.03"]
[EventType "team-swiss"]
[EventRounds "9"]
[EventCountry "POL"]
[SourceTitle "CBM 210 Extra"]
[Source "ChessBase"]
[SourceDate "2022.11.30"]
[SourceVersion "1"]
[SourceVersionDate "2022.11.30"]
[SourceQuality "1"]
[WhiteTeam "Gostynin Gostmat 83"]
[BlackTeam "Dabrowa Gornicza Zaglebie"]
[WhiteTeamCountry "POL"]
[BlackTeamCountry "POL"]

1. e4 c5 2. Nf3 d6 3. d4 cxd4 4. Nxd4 Nf6 5. Nc3 a6 6. f4 e5 7. Nf3 Nbd7 8. a4 Qc7 9. Bd3 Be7 10. 0-0 0-0 11. Qe1 Re8 12. Kh1 Nc5 13. fxe5 dxe5 14. Qg3 Be6 15. Qxe5 Bd6 16. Qg5 h6 17. Qh4 Ng4 18. Ne2 Rad8 19. Ned4 Ne5 20. Rd1 Bc8 21. Be3 Ng6 22. Qf2 Nxe4 23. Bxe4 Rxe4 24. Re1 Rde8 25. g3 Bd7 26. Kg1 Ne5 27. Nxe5 R8xe5 28. c3 Qd8 29. b3 Bc5 30. Bd2 Bc6 31. Rxe4 Rxe4 32. Be3 Qd5 33. c4 Qe5 34. Nxc6 Qxa1+ 35. Kg2 Bxe3 36. Qf3 Re8 37. Nb4 Qg1+ 38. Kh3 Qf2 39. Qxb7 Qf1+ 0-1

[Event "POL-ch U18"]
[Site "Sypniewo"]
[Date "2022.03.20"]
[Round "2"]
[White "Syrkiewicz, Michal"]
[Black "Kietrys, Maciej"]
[Result "1-0"]
[WhiteElo "1988"]
[BlackElo "1882"]
[PlyCount "64"]
[EventDate "2022.03.19"]
[EventType "swiss"]
[EventRounds "9"]
[EventCountry "POL"]
[SourceTitle "CBM 207 Extra"]
[Source "ChessBase"]
[SourceDate "2022.05.31"]
[SourceVersion "1"]
[SourceVersionDate "2022.05.31"]
[SourceQuality "1"]

1. c4 e5 2. Nc3 Nf6 3. g3 d5 4. cxd5 Nxd5 5. Bg2 Be6 6. Nf3 Nc6 7. 0-0 Nb6 8. d4 exd4 9. Nb5 Qd7 10. Nfxd4 Nxd4 11. Nxd4 0-0-0 12. Bg5 Be7 13. Nxe6 Qxe6 14. Qc1 Bf6 15. Bxf6 Qxf6 16. a4 Rd6 17. a5 Nd7 18. b4 Qd4 19. Qc2 Qxb4 20. Rfb1 Qc5 21. Qb3 Kd8 22. Qxb7 Ke7 23. Rc1 Qe5 24. Ra3 Rb8 25. Qxa7 Kf8 26. Re3 Qf6 27. Qxc7 g6 28. a6 Rd8 29. Rf3 Qe7 30. Rb3 Rxa6 31. Rb7 Rd6 32. h4 Qf6 1-0

[Event "Prague Summer op-A 8th"]
[Site "Prague"]
[Date "2021.08.06"]
[Round "1"]
[White "Mica, Marek"]
[Black "Syrkiewicz, Michal"]
[Result "1/2-1/2"]
[WhiteElo "2316"]
[BlackElo "1975"]
[PlyCount "80"]
[EventDate "2021.08.06"]
[EventType "swiss"]
[EventRounds "9"]
[EventCountry "CZE"]
[SourceTitle "CBM 203 Extra"]
[Source "ChessBase"]
[SourceDate "2021.09.30"]
[SourceVersion "1"]
[SourceVersionDate "2021.09.30"]
[SourceQuality "1"]

1. d4 Nf6 2. c4 e6 3. g3 Bb4+ 4. Nd2 0-0 5. Bg2 d5 6. Ngf3 b6 7. 0-0 Bb7 8. Ne5 Nbd7 9. Qa4 Bxd2 10. Bxd2 Nxe5 11. dxe5 Ne4 12. Be3 Qe7 13. Rfd1 Rfd8 14. Bxe4 dxe4 15. Rxd8+ Qxd8 16. Rd1 Qe8 17. Qxe8+ Rxe8 18. b4 Kf8 19. a4 Ke7 20. a5 f6 21. exf6+ gxf6 22. b5 Bc8 23. c5 bxa5 24. Ra1 a6 25. c6 Rd8 26. Bc5+ Ke8 27. Rxa5 Rd5 28. bxa6 Bxa6 29. f3 exf3 30. e4 Re5 31. Kf2 Kf7 32. Bb6 Rxa5 33. Bxa5 Bb5 34. Kxf3 Bxc6 35. Ke3 f5 36. e5 Bd5 37. Bxc7 Kg6 38. Bd8 Kh5 39. Kf4 Bb3 40. h3 Bd1 1/2-1/2

[Event "Warsaw Najdorf Memorial op-A"]
[Site "Warsaw"]
[Date "2021.07.10"]
[Round "1"]
[White "Lukasiewicz, Krzysztof"]
[Black "Syrkiewicz, Michal"]
[Result "1-0"]
[WhiteElo "2359"]
[BlackElo "1976"]
[PlyCount "53"]
[EventDate "2021.07.10"]
[EventType "swiss"]
[EventRounds "9"]
[EventCountry "POL"]
[SourceTitle "EXT 2022"]
[Source "ChessBase"]
[SourceDate "2021.10.06"]
[SourceVersion "1"]
[SourceVersionDate "2021.10.06"]
[SourceQuality "1"]

1. d4 Nf6 2. Bf4 d5 3. e3 c5 4. Nc3 a6 5. dxc5 Nc6 6. a3 e5 7. Bg5 d4 8. Ne4 Qa5+ 9. b4 Nxb4 10. axb4 Qxb4+ 11. c3 dxc3 12. Bxf6 c2+ 13. Qd2 Qb1+ 14. Qc1 Qb4+ 15. Nd2 gxf6 16. Qxc2 Qxc5 17. Qb1 Qc7 18. Ngf3 Bd7 19. Bd3 h5 20. 0-0 Be7 21. Rc1 Bc6 22. Be4 Bxe4 23. Nxe4 Qd7 24. Qb6 Qd8 25. Qxb7 0-0 26. Rd1 Qe8 27. h3 1-0

[Event "Poronin Tatra Limba op"]
[Site "Poronin"]
[Date "2021.05.22"]
[Round "1"]
[White "Szpar, Milosz"]
[Black "Syrkiewicz, Michal"]
[Result "1/2-1/2"]
[WhiteElo "2416"]
[BlackElo "1967"]
[PlyCount "45"]
[EventDate "2021.05.22"]
[EventType "swiss"]
[EventRounds "9"]
[EventCountry "POL"]
[SourceTitle "EXT 2022"]
[Source "ChessBase"]
[SourceDate "2021.10.06"]
[SourceVersion "1"]
[SourceVersionDate "2021.10.06"]
[SourceQuality "1"]

1. e4 c5 2. Nf3 e6 3. d4 cxd4 4. Nxd4 a6 5. Bd3 Nc6 6. Nxc6 dxc6 7. Nd2 Qc7 8. a4 e5 9. Nc4 Nf6 10. Qf3 Bc5 11. Qg3 0-0 12. Bd2 Be6 13. Nxe5 Bxf2+ 14. Qxf2 Qxe5 15. Bc3 Qg5 16. h4 Qh6 17. Qg3 Qg6 18. Qe3 Ng4 19. Qb6 Qh6 20. Bd2 Qf6 21. 0-0-0 Qd8 22. Qg1 c5 23. Bc3 1/2-1/2